Collected papers /
Guardado en:
| Autor Principal: | |
|---|---|
| Otros Autores: | |
| Formato: | Libro |
| Idioma: | German French Latin English |
| Publicado: |
Berlin :
Springer-Verlag,
1975.
|
| Materias: | |
| Etiquetas: |
Agregar Etiqueta
Sin Etiquetas, Sea el primero en etiquetar este registro!
|
| LEADER | 01136cam a2200301 a 4500 | ||
|---|---|---|---|
| 001 | MAT.inmabb002893 | ||
| 008 | 741015s1975####gw#c##########000#0#ger## | ||
| 005 | 20130208154720.0 | ||
| 245 | 0 | 0 | |a Collected papers / |c Ernst Eduard Kummer ; edited by André Weil. |
| 260 | |a Berlin : |b Springer-Verlag, |c 1975. | ||
| 300 | |a 2 v. (ca. 1800 p.) : |b retrs. ; |c 25 cm. | ||
| 546 | |a Artículos en alemán, francés y latín; introducción en inglés. | ||
| 505 | 0 | |a v. 1. Contributions to number theory. -- v. 2. Function theory, geometry and miscellaneous. | |
| 510 | 4 | |a MR, |c 57 #5650a | |
| 020 | |a 354006835X (v. 1 : Berlin) | ||
| 020 | |a 038706835X (v. 1 : New York) | ||
| 020 | |a 3540068368 (v. 2 : Berlin) | ||
| 020 | |a 0387068368 (v. 2 : New York) | ||
| 100 | 1 | |a Kummer, Ernst Eduard, |d 1810-1893. | |
| 240 | 1 | 0 | |a Obras. |f 1975 |
| 700 | 1 | |a Weil, André, |d 1906-1998. |4 edt | |
| 650 | 0 | |a Mathematics. | |
| 084 | |a 01A75 (11-03) |2 msc2000 | ||
| 010 | |a 74023838 | ||
| 040 | |a DLC |c DLC |d DLC | ||
| 041 | 0 | |a ger |a fre |a lat |a eng | |
| 859 | |h 01A75 |i K96 |p A-4967 |v 1 |3 Vol. 1 |b BIB. MATEMATICA | ||
| 859 | |h 01A75 |i K96 |p A-4968 |v 2 |3 Vol. 2 |b BIB. MATEMATICA | ||
